<?xml version="1.0" encoding="UTF-8"?>
<collection xmlns="http://www.loc.gov/MARC21/slim">
  <record>
    <leader>00000nam  2200000   4500</leader>
    <datafield tag="300" ind1="#" ind2="#">
      <subfield code="a">vii, 49 hlm. :</subfield>
      <subfield code="b">ill. ;</subfield>
      <subfield code="c">30 cm</subfield>
      <subfield code="e"/>
    </datafield>
    <controlfield tag="csr">$a a7a24ff4e04e01d27bf172cfecb31206</controlfield>
    <datafield tag="856" ind1="#" ind2="#">
      <subfield code="a"/>
    </datafield>
    <datafield tag="740" ind1="#" ind2="#">
      <subfield code="a"/>
    </datafield>
    <datafield tag="700" ind1=" " ind2="#">
      <subfield code="a"/>
    </datafield>
    <datafield tag="650" ind1=" " ind2="#">
      <subfield code="a">Pembangunan Ekonomi</subfield>
    </datafield>
    <datafield tag="650" ind1=" " ind2="#">
      <subfield code="a">Desain Pengawasan</subfield>
    </datafield>
    <datafield tag="520" ind1=" " ind2="#">
      <subfield code="a">Proyek percepatan ekonomi kawasan, sebagaimana diamantkan dalam berbagai kebijakan nasional, merupakan bagian dari strategi pemerintah untuk mempercepat pertumbuhan ekonomi, pemerataan pembangunan, dan peningkatan daya saing daerah. Namun, kompleksitas proyek strategis ini membutuhkan pengawasan yang sinergi dan adaptif untuk memastikan pencapaian tujuan tanpa mengorbankan akuntabilitas dan transparansi. Pengawasan terhadap proyek percepatan pembangunan ekonomi kawasan menghadapi berbagai tantangan, termasuk keterbatasan kewenangan APIP daerah, koordinasi yang kurang efektif, rentang kendali pengawasan yang panjang, serta kapasitas dan sumber daya APIP daerah yang terbatas. Proyek perubahan ini menawarkan solusi berupa desain pengawasan kolaboratif guna memilitasi risiko tersebut dan meningkatkan efektivitas pengawasan.</subfield>
    </datafield>
    <datafield tag="338" ind1="#" ind2="#">
      <subfield code="a"/>
    </datafield>
    <datafield tag="337" ind1="#" ind2="#">
      <subfield code="a"/>
    </datafield>
    <datafield tag="336" ind1="#" ind2="#">
      <subfield code="a"/>
    </datafield>
    <controlfield tag="001">$a INLIS000000000020867</controlfield>
    <datafield tag="264" ind1="#" ind2="#">
      <subfield code="a">Jakarta :</subfield>
      <subfield code="b">Pusbangkom Pimnas dan Manajerial ASN. ;</subfield>
      <subfield code="c">2024</subfield>
    </datafield>
    <datafield tag="246" ind1="#" ind2="#">
      <subfield code="a"/>
    </datafield>
    <datafield tag="245" ind1="#" ind2="#">
      <subfield code="a">Membangun Desain Pengawasan Atas Percepatan Pembangunan Ekonomi di Kawasan Secara Kolaboratif</subfield>
      <subfield code="b"/>
      <subfield code="c">Abul Chair</subfield>
    </datafield>
    <datafield tag="100" ind1=" " ind2="#">
      <subfield code="a">Abul Chair</subfield>
    </datafield>
    <datafield tag="084" ind1="#" ind2="#">
      <subfield code="a">R 0054 PKN I 2024</subfield>
    </datafield>
    <datafield tag="082" ind1="#" ind2="#">
      <subfield code="a"/>
    </datafield>
    <datafield tag="035" ind1="#" ind2="#">
      <subfield code="a">0010-0426000024</subfield>
    </datafield>
    <datafield tag="020" ind1="#" ind2="#">
      <subfield code="a"/>
    </datafield>
    <controlfield tag="008">$a 260415################g##########0#ind##</controlfield>
    <controlfield tag="005">$a 20260415142654</controlfield>
  </record>
</collection>
